| 000 | 00608nam a2200193 u 4500 | ||
|---|---|---|---|
| 001 | 000036155 | ||
| 005 | 20200930074924.0 | ||
| 008 | 111221s1957 ag r 000 0 spa d | ||
| 040 |
_aDO-SdBNP _bspa _cBNPHU |
||
| 082 |
_axxxx _bxxxx |
||
| 100 | 1 |
_aPuiggros, Rodolfo _962189 |
|
| 245 | 1 | 3 |
_aDe la colonia a la revolución / _cRodolfo Puiggros. |
| 250 | _a4a ed. | ||
| 260 |
_aBuenos Aires, Argentina : _bEdiciones Leviatan. |
||
| 300 |
_a293 p. ; _c22 cm. |
||
| 500 | _aIncluye notas al pie de las páginas | ||
| 590 | _aPerneció a la biblioteca personal de Juan Isidro Jimenes Grullón | ||
| 049 | _aBNPD | ||
| 999 |
_c35646 _d35646 |
||